Scientific computing with MATLAB and Octave
Guardat en:
| Autors principals: | , , |
|---|---|
| Format: | Llibre |
| Idioma: | anglès |
| Publicat: |
Berlín, Germany
Springer
2010
|
| Edició: | Third edition |
| Col·lecció: | Texts in computational Science and Engineering,
|
| Matèries: | |
| Accés en línia: | Disponible Online |
| Etiquetes: |
Afegir etiqueta
Sense etiquetes, Sigues el primer a etiquetar aquest registre!
|
MARC
| LEADER | 00000nam a2200000 a 4500 | ||
|---|---|---|---|
| 001 | UCG5845 | ||
| 003 | CL-VaPUC | ||
| 005 | 20230718074440.0 | ||
| 008 | 110324e20100000GW |||||||||||||||||eng|d | ||
| 999 | |c 344207 |d 344205 | ||
| 020 | |a 9783642124297 | ||
| 040 | |c Pontificia Universidad Católica de Valparaíso | ||
| 082 | 0 | 4 | |a 005.3 QUA 2010 |2 21 |
| 100 | 0 | |a Quarteroni, Alfio |e author |9 555723 | |
| 245 | 1 | 0 | |a Scientific computing with MATLAB and Octave |
| 250 | |a Third edition | ||
| 260 | |a Berlín, Germany |b Springer |c 2010 | ||
| 300 | |a 360 páginas | ||
| 440 | |a Texts in computational Science and Engineering, |n 2 |9 860799 | ||
| 583 | |a last modification |c 20110324 00:00:00 |k Rodrigo Vera | ||
| 648 | |2 A | ||
| 650 | 0 | |a Matemática |x Análisis numérico |9 260235 | |
| 650 | 0 | |a Ciencia de la computación |9 260608 |x Inteligencia computacional | |
| 700 | 0 | |a Saleri, Fausto |e author |9 555724 | |
| 700 | 0 | |a Gervasio, Paola |e author |9 555725 | |
| 856 | |u http://bibliografiadigital.pucv.cl.pucv.idm.oclc.org/index.php/bibliotecapucv/catalog/book/384 |y Disponible Online | ||
| 942 | |c BK |2 ddc | ||
| 945 | |d 20110324 00:00:00 |a dcastane | ||
| 952 | |0 0 |1 0 |4 0 |6 005_300000000000000_QUA_2010 |7 0 |8 A |9 442052 |a BIBMAT |b BIBMAT |d 2019-11-22 |i 4758714 |o 005.3 QUA 2010 |p 4758714 |r 2025-01-07 |w 2019-11-22 |y BK |k MAT | ||